|
|
|
|
| LEADER |
00707 a2200157 4500 |
| 020 |
|
|
|a 9788126449620
|
| 082 |
|
|
|a M 361.06
|b 32Q4
|
| 100 |
|
|
|a Kala Shibu(കലാ ഷിബു)
|9 35952
|
| 245 |
|
|
|a Ente councelling anubhavangal(എന്റെ കൌണ്സലിങ് അനുഭവങ്ങള്)/
|c Kala Shibu(കലാ ഷിബു).
|
| 260 |
|
|
|a Kottayam:
|b D C Books,
|c 2014.
|
| 300 |
|
|
|a 174p.
|
| 650 |
|
|
|a Self help.
|9 36257
|
| 650 |
|
|
|a Student counselling.
|9 36258
|
| 942 |
|
|
|c BK
|
| 999 |
|
|
|c 76004
|d 76004
|
| 952 |
|
|
|0 0
|1 0
|4 0
|5 0
|6 M_361_060000000000000_32Q4
|7 0
|8 MAL
|9 67988
|a MGUL
|b MGUL
|c GEN
|d 2015-05-21
|e Current Books Kottayam Bill No 557 Dt. 18-03-2015
|g 140.00
|l 0
|o M 361.06 32Q4
|p 53454
|r 2015-12-15
|y BK
|